El regreso de los dioses: el proceso de reconstitución de la identidad étnica de Oaxaca. Siglos XVII y XVIII

Saved in:
Bibliographic Details
Main Author: Carmagnani, Marcello (Author)
Format: Book
Language:Spanish
Published: Cuernavaca Fndo de Cultura Económica 1988
Edition:1a. ed
Subjects:
Tags: Add Tag
No Tags, Be the first to tag this record!

MARC

LEADER 00000cam a2200000 a 4500
001 UCD6341
003 CL-VaPUC
008 161201e19880000mx |||||||||||||||||spa|d
020 |a 9681630068 
082 0 4 |a 972.02  |b CAR  |2 21 
100 0 |a Carmagnani, Marcello  |e author  |9 590147 
245 1 3 |a El regreso de los dioses: el proceso de reconstitución de la identidad étnica de Oaxaca. Siglos XVII y XVIII 
250 |a 1a. ed 
300 |a 263 p 
942 |c BK 
945 |d 20161201 17:35:00  |a dcastane 
260 |a Cuernavaca  |b Fndo de Cultura Económica  |c 1988 
650 7 |a HISTORIA DE MEXICO SIGLO 17  |2 CL-VaPUC  |9 446660 
650 0 |a América colonial  |9 446254 
583 |a last modification  |c 20161201 17:35:00  |k Rodrigo Vera 
999 |c 366696  |d 366694 
952 |0 0  |1 0  |3 erd  |4 0  |6 972_020000000000000_CAR_1988  |7 0  |8 A  |9 481164  |a BIBHIS  |b BIBHIS  |i 5354250  |o 972.02 CAR 1988  |p 5354250  |r 2025-01-20  |w 2019-11-24  |y BK  |z Catalogado en:20161201  |k HIS